[Event "LGA Premium Cup"]
[Site "schach.lga.de"]
[Date "2005.09.11"]
[Round "7.59"]
[White "Gspahn, Thomas"]
[Black "Gude, Michael"]
[Result "1-0"]
[WhiteElo "1601"]
[BlackElo "1510"]
[PlyCount "105"]
[EventDate "2005.09.11"]
[SourceDate " "]

1. e4 e5 2. Nf3 Nf6 3. d4 Nxe4 4. Nxe5 d5 5. Bd3 Bb4+ 6. c3 Bd6 7. Qf3 Nf6 8.
O-O Be6 9. Bg5 Be7 10. Nd2 h6 11. Bh4 g5 12. Bg3 h5 13. h3 Nfd7 14. Qe2 Nf6 15.
Rfe1 g4 16. h4 Ng8 17. Ng6 Rh6 18. Nxe7 Qxe7 19. Bf4 Nc6 20. Bg5 Qd7 21. Bf5
Nce7 22. Bxh6 Nxf5 23. Bg5 Kf8 24. g3 Re8 25. Nb3 b6 26. Kh2 Nd6 27. Bf4 Nc4
28. Nc1 Nf6 29. b3 Nd6 30. Bxd6+ Qxd6 31. Qe5 Qxe5 32. Rxe5 Ne4 33. Ne2 Nxf2
34. Kg2 Ne4 35. Rc1 Bd7 36. Rxh5 Nf6 37. Rh8+ Ng8 38. Nf4 Bb5 39. Kf2 c6 40.
Re1 Rxe1 41. Kxe1 Kg7 42. Rh5 Kf8 43. Kd2 Nf6 44. Re5 Ne4+ 45. Rxe4 dxe4 46.
Ke3 f5 47. Ng2 Kg7 48. Kf4 Bd3 49. Ne3 Kf6 50. Nxf5 Bb1 51. a3 c5 52. dxc5 bxc5
53. Nd6 1-0

[Event "LGA Premium Cup"]
[Site "schach.lga.de"]
[Date "2005.09.11"]
[Round "7.60"]
[White "Umrath, Stephan"]
[Black "Kuhlmann, Andreas"]
[Result "1-0"]
[WhiteElo "1407"]
[BlackElo "1593"]
[PlyCount "33"]
[EventDate "2005.09.11"]
[SourceDate " "]

1. e4 e5 2. d4 exd4 3. Qxd4 Nc6 4. Qe3 b6 5. Nc3 Bc5 6. Qg3 Qf6 7. Bg5 Bxf2+ 8.
Qxf2 Qxg5 9. Nf3 Qe7 10. O-O-O Bb7 11. Nd5 Qd8 12. Qg3 Kf8 13. Bd3 d6 14. h4 h5
15. Rhf1 Nge7 16. Ng5 Ne5 17. Rxf7+ 1-0

[Event "LGA Premium Cup"]
[Site "schach.lga.de"]
[Date "2005.09.11"]
[Round "7.61"]
[White "Niederkleine, Ingmar"]
[Black "Lingl, Peter"]
[Result "1/2-1/2"]
[WhiteElo "1593"]
[BlackElo "1366"]
[PlyCount "107"]
[EventDate "2005.09.11"]
[SourceDate " "]

1. Nf3 a5 2. g3 b6 3. Bg2 Bb7 4. O-O g6 5. d4 Bg7 6. c3 d6 7. Re1 Nf6 8. Bg5 h6
9. Bd2 e6 10. Qc1 Nbd7 11. Na3 h5 12. Bg5 Qc8 13. Nc2 Ne4 14. Be3 f6 15. Bh3
Ke7 16. Nd2 g5 17. Nf1 g4 18. Bg2 h4 19. f3 hxg3 20. hxg3 f5 21. fxe4 Bxe4 22.
Bxe4 fxe4 23. Bg5+ Bf6 24. Qf4 Qb7 25. e3 Rh5 26. Bxf6+ Nxf6 27. Re2 Qa6 28.
Rh2 Rf8 29. Rxh5 Nxh5 30. Qg5+ Nf6 31. Qg7+ Rf7 32. Qg5 Qe2 33. Ne1 Kd7 34. Qf4
Qxb2 35. Rd1 Ke7 36. Qf2 Qxc3 37. Qc2 Nd5 38. Qxe4 Rxf1+ 39. Kxf1 Nxe3+ 40. Ke2
Nxd1 41. Kxd1 Qxg3 42. Qh7+ Kd8 43. Qg8+ Kd7 44. Qf7+ Kc8 45. Qxe6+ Kb7 46.
Qd5+ Ka7 47. Qc6 Kb8 48. Qe8+ Kb7 49. Qe4+ Ka6 50. Qa8+ Kb5 51. Qd5+ c5 52.
dxc5 dxc5 53. Qd7+ Kb4 54. Nc2+ 1/2-1/2

[Event "LGA Premium Cup"]
[Site "schach.lga.de"]
[Date "2005.09.11"]
[Round "7.62"]
[White "Küffner, Christian"]
[Black "Walch, Roger"]
[Result "1-0"]
[WhiteElo "1567"]
[BlackElo "1358"]
[PlyCount "73"]
[EventDate "2005.09.11"]
[SourceDate " "]

1. e4 c5 2. Nf3 e6 3. d4 cxd4 4. Nxd4 Nf6 5. Nc3 d6 6. Bg5 a6 7. a4 Be7 8. Bc4
O-O 9. O-O Nbd7 10. Kh1 Ne5 11. Bb3 Nc6 12. f4 h6 13. Bh4 Rb8 14. h3 Qc7 15.
Nf3 Rd8 16. Qe2 Bd7 17. e5 Ne8 18. Bxe7 Nxe7 19. Rad1 d5 20. Nd4 Nc6 21. Qe3
Na5 22. Rc1 Nc6 23. Nce2 Nxd4 24. Nxd4 b5 25. axb5 axb5 26. f5 Kh7 27. fxe6
Bxe6 28. Qd3+ Kg8 29. Nxb5 Qxe5 30. Nd4 Nf6 31. Nc6 Qg5 32. Nxb8 Ne4 33. Nc6
Ng3+ 34. Kh2 Nxf1+ 35. Rxf1 Rc8 36. Bxd5 Bxd5 37. Qxd5 1-0

[Event "LGA Premium Cup"]
[Site "schach.lga.de"]
[Date "2005.09.11"]
[Round "7.63"]
[White "Gemmel, Jürgen"]
[Black "Gage, Daniel"]
[Result "0-1"]
[WhiteElo "1560"]
[BlackElo "1263"]
[PlyCount "92"]
[EventDate "2005.09.11"]
[SourceDate " "]

1. d4 e6 2. c4 c5 3. Nf3 Nf6 4. Bg5 Be7 5. Nc3 cxd4 6. Nxd4 a6 7. a4 Qc7 8. e3
O-O 9. Bd3 h6 10. Bh4 Nc6 11. Nxc6 bxc6 12. O-O d5 13. Ne2 Rb8 14. Qc2 c5 15.
Qc3 Bb7 16. Bg3 Qc6 17. f3 Rbd8 18. Qc2 d4 19. exd4 cxd4 20. Be5 Ng4 21. Bf4 e5
22. Bc1 g6 23. Ng3 Ne3 24. Bxe3 dxe3 25. Be4 Qb6 26. Bxb7 Qxb7 27. Rfd1 Bc5 28.
Kh1 Rd4 29. Ne2 Rh4 30. Rd5 Qc7 31. g3 Rh3 32. Kg2 Rh5 33. Nc3 Rf5 34. Ne4 Bd4
35. Rb1 Rc8 36. b3 Qc6 37. Nd6 Qxd5 38. Nxf5 gxf5 39. Qxf5 Qb7 40. Qd3 Qb4 41.
Kf1 Rd8 42. Qd1 Bb6 43. Qe1 Qxe1+ 44. Kxe1 Rd2 45. h3 Rh2 46. b4 Rh1+ 0-1

[Event "LGA Premium Cup"]
[Site "schach.lga.de"]
[Date "2005.09.11"]
[Round "7.64"]
[White "Rottner, Wolfgang"]
[Black "Hennch, Thomas"]
[Result "1-0"]
[WhiteElo "1560"]
[BlackElo "935"]
[PlyCount "79"]
[EventDate "2005.09.11"]
[SourceDate " "]

1. e4 e5 2. Nf3 Nc6 3. Nc3 Bb4 4. g3 Nf6 5. d3 d6 6. Bg2 d5 7. exd5 Nxd5 8. Bd2
Nxc3 9. bxc3 Be7 10. h3 O-O 11. O-O Be6 12. c4 Qc8 13. Kh2 Rd8 14. Qe2 Bd6 15.
Rab1 f6 16. Rfe1 Re8 17. Bc3 Bf5 18. Nh4 Nd4 19. Bxd4 exd4 20. Qd1 g5 21. Rxe8+
Qxe8 22. Nxf5 Be5 23. Bxb7 Rd8 24. Bd5+ Kf8 25. Qg4 h5 26. Qf3 Qg6 27. Be4 g4
28. hxg4 hxg4 29. Qg2 Qh5+ 30. Kg1 Kf7 31. Qh1 Qxh1+ 32. Kxh1 Rh8+ 33. Kg2 Ke6
34. Rb7 Ra8 35. Rb5 Rh8 36. Ra5 Rb8 37. Rxa7 Rb2 38. a4 Rxc2 39. a5 c5 40. Re7#
1-0

[Event "LGA Premium Cup"]
[Site "schach.lga.de"]
[Date "2005.09.11"]
[Round "7.65"]
[White "Justi, Fabian"]
[Black "Walter, Florian"]
[Result "0-1"]
[WhiteElo "1192"]
[BlackElo "1528"]
[PlyCount "99"]
[EventDate "2005.09.11"]
[SourceDate " "]

1. e4 d6 2. d4 Nf6 3. Nc3 g6 4. Bg5 Bg7 5. Nf3 O-O 6. Qd2 Bg4 7. Be2 Nc6 8. d5
Bxf3 9. Bxf3 Ne5 10. Be2 a6 11. Bh6 e6 12. Bxg7 Kxg7 13. dxe6 fxe6 14. O-O-O b5
15. a3 Neg4 16. Bxg4 Nxg4 17. f3 Ne5 18. Qd4 Kg8 19. Rhf1 Nc4 20. Kb1 c5 21.
Qd3 Qg5 22. Qe2 Ne3 23. f4 Qxg2 24. Qxe3 Qxh2 25. Rxd6 b4 26. axb4 cxb4 27. Na4
Rac8 28. Qf2 Qh5 29. Rxe6 Rfd8 30. Re5 Qg4 31. Nb6 Rd1+ 32. Ka2 Rxf1 33. Qxf1
Rxc2 34. Qd3 Qg2 35. Na4 Rd2 36. Qc4+ Kg7 37. Qxb4 Qe2 38. Re7+ Kh6 39. Qc5 Qg2
40. e5 Qe4 41. e6 Qxa4+ 42. Qa3 Qxf4 43. Qxa6 Rd6 44. Qc8 Qa4+ 45. Kb1 Rd1+ 46.
Qc1+ Rxc1+ 47. Kxc1 Qc6+ 48. Kb1 Qd6 49. Re8 Kg7 50. e7 0-1

[Event "LGA Premium Cup"]
[Site "schach.lga.de"]
[Date "2005.09.11"]
[Round "7.66"]
[White "Hennemann, Herbert"]
[Black "Kuhlmann, Steffen"]
[Result "1-0"]
[WhiteElo "1524"]
[BlackElo "1084"]
[PlyCount "65"]
[EventDate "2005.09.11"]
[SourceDate " "]

1. d4 d5 2. Nf3 Nc6 3. e3 Nf6 4. Be2 Bg4 5. O-O e6 6. Nbd2 Be7 7. h3 Bh5 8. Re1
Qd6 9. c4 dxc4 10. Nxc4 Qd5 11. Ncd2 O-O-O 12. a3 g5 13. Nh2 Bxe2 14. Qxe2 Bd6
15. Ndf3 h5 16. e4 Bxh2+ 17. Nxh2 Qxd4 18. Nf3 Qd6 19. e5 Qf8 20. exf6 g4 21.
Ng5 gxh3 22. Nxh3 h4 23. Bf4 Qc5 24. Rac1 Qf5 25. b4 Rhg8 26. Kh2 Qg6 27. Bg5
Rd5 28. Rc5 Nd4 29. Qg4 Nc2 30. Rc1 Rxc5 31. bxc5 Nxa3 32. Qb4 Nc2 33. Qc3 1-0

[Event "LGA Premium Cup"]
[Site "schach.lga.de"]
[Date "2005.09.11"]
[Round "7.67"]
[White "Häßlein, Rainer"]
[Black "Schmidt, Axel"]
[Result "1/2-1/2"]
[WhiteElo "1535"]
[BlackElo "1668"]
[PlyCount "42"]
[EventDate "2005.09.11"]
[SourceDate " "]

1. e4 e6 2. f4 d5 3. e5 c5 4. c3 Nc6 5. Nf3 Bd7 6. d4 cxd4 7. cxd4 Bb4+ 8. Nc3
Nge7 9. Bd3 Nf5 10. Bb1 Rc8 11. O-O Bxc3 12. bxc3 Na5 13. Bxf5 exf5 14. Bd2 Nc4
15. Qb3 b6 16. Rac1 Be6 17. Qa4+ Qd7 18. Qxd7+ Kxd7 19. Be1 Rc6 20. Nd2 Rhc8
21. Nxc4 Rxc4 1/2-1/2

[Event "LGA Premium Cup"]
[Site "schach.lga.de"]
[Date "2005.09.11"]
[Round "7.68"]
[White "Schmitz, Stefan"]
[Black "Röckl, Adelbert"]
[Result "1-0"]
[WhiteElo "1521"]
[BlackElo "1446"]
[PlyCount "77"]
[EventDate "2005.09.11"]
[SourceDate " "]

1. e4 c5 2. Nf3 d6 3. d4 cxd4 4. Nxd4 Nf6 5. Nc3 a6 6. f3 Nc6 7. Be3 Bd7 8. Qd2
e5 9. Nb3 b5 10. Be2 Be7 11. O-O-O Be6 12. g4 h6 13. h4 b4 14. Na4 Nd7 15. Rdg1
Bxb3 16. axb3 Nc5 17. Bxc5 dxc5 18. Qxd8+ Nxd8 19. g5 hxg5 20. hxg5 Rxh1 21.
Rxh1 Bxg5+ 22. Kb1 Bh6 23. Nxc5 a5 24. Rd1 Ra7 25. Bb5+ Ke7 26. Nd7 Be3 27.
Nxe5 Rc7 28. Nc4 Rb7 29. Nxe3 Rxb5 30. Nf5+ Rxf5 31. exf5 Nc6 32. c3 Ne5 33. f4
Nf3 34. Rd5 Kf6 35. Rxa5 Ne1 36. cxb4 Nd3 37. b5 Kxf5 38. b6+ Kxf4 39. b7 1-0

[Event "LGA Premium Cup"]
[Site "schach.lga.de"]
[Date "2005.09.11"]
[Round "7.69"]
[White "Lingl, Xenia"]
[Black "Dreiseitel, Werner"]
[Result "1-0"]
[WhiteElo "1511"]
[BlackElo "1360"]
[PlyCount "80"]
[EventDate "2005.09.11"]
[SourceDate " "]

1. e4 d6 2. d4 Nf6 3. Nc3 Nc6 4. h3 e5 5. dxe5 Nxe5 6. Nf3 Nxf3+ 7. Qxf3 Be7 8.
Bd3 Bd7 9. O-O Bc6 10. Qe2 O-O 11. Bf4 Re8 12. Rad1 Qc8 13. Rfe1 Bf8 14. Bb5
Bxb5 15. Qxb5 a6 16. Qd3 b6 17. Qf3 Qb7 18. Rd3 Re6 19. e5 Qxf3 20. Rxf3 dxe5
21. Rxe5 Rxe5 22. Bxe5 Ne8 23. Nd5 Bd6 24. Bxd6 Nxd6 25. Nxc7 Ra7 26. Nd5 b5
27. Rc3 g6 28. b3 Kg7 29. Rc6 Ne8 30. Rc8 Kf8 31. Nf6 Re7 32. Nxh7+ Kg7 33. Ng5
Re1+ 34. Kh2 Re2 35. Kg3 Nd6 36. Rc6 Nf5+ 37. Kh2 Rxf2 38. Kg1 Rd2 39. Nf3 Rd1+
40. Kf2 Rc1 1-0

[Event "LGA Premium Cup"]
[Site "schach.lga.de"]
[Date "2005.09.11"]
[Round "7.70"]
[White "Mack, Lienhard"]
[Black "Sabnev, Andrej"]
[Result "1-0"]
[WhiteElo "1134"]
[BlackElo "1259"]
[PlyCount "73"]
[EventDate "2005.09.11"]
[SourceDate " "]

1. Nf3 d5 2. d4 Nc6 3. e3 Bg4 4. c4 dxc4 5. Bxc4 e5 6. Be2 Nf6 7. O-O Be7 8.
dxe5 Qxd1 9. Rxd1 Bxf3 10. Bxf3 Nxe5 11. Bxb7 Rb8 12. Ba6 O-O 13. Nc3 Bd6 14.
a3 Rfd8 15. b3 Ng6 16. Bb2 Be5 17. Na4 Bxb2 18. Nxb2 Re8 19. Rd2 Rb6 20. Bd3
Ne5 21. Rad1 Nxd3 22. Nxd3 Ne4 23. Rc2 Rb7 24. Rdc1 Rc8 25. Nc5 Nxc5 26. Rxc5
f6 27. Rd5 Rb6 28. Rd7 Ra6 29. Rc2 Kf8 30. Rcd2 Ra5 31. Kf1 h6 32. Ke1 g6 33.
Rh7 h5 34. Rh8+ Kg7 35. Rxc8 Rg5 36. Rxc7+ Kh6 37. g3 1-0

[Event "LGA Premium Cup"]
[Site "schach.lga.de"]
[Date "2005.09.11"]
[Round "7.71"]
[White "Kulok, Solomon"]
[Black "Zrenner, Maximilian"]
[Result "0-1"]
[WhiteElo "1121"]
[BlackElo "1306"]
[PlyCount "90"]
[EventDate "2005.09.11"]
[SourceDate " "]

1. e4 c5 2. Nc3 Nc6 3. g3 g6 4. Bg2 Bg7 5. f4 d6 6. Nf3 Bg4 7. O-O Nf6 8. d3
O-O 9. Be3 b6 10. h3 Bd7 11. Nh2 Ne8 12. g4 e5 13. f5 Nf6 14. g5 Ne8 15. f6 Bh8
16. Ng4 Bxg4 17. Qxg4 h6 18. h4 h5 19. Nd5 hxg4 20. Kf2 Nc7 21. Nc3 Qd7 22. Rh1
Rfd8 23. h5 Qe8 24. hxg6 fxg6 25. Rh4 Nd4 26. Rah1 Kf7 27. Rh7+ Ke6 28. Re7+
Qxe7 29. fxe7 Kxe7 30. Rh7+ Ke6 31. Rxc7 Rd7 32. Rxd7 Kxd7 33. Bxd4 exd4 34.
Nd5 Be5 35. Bf1 Rf8+ 36. Kg2 g3 37. Kg1 Rf2 38. Bh3+ Ke8 39. Nc7+ Kf8 40. Nb5
a6 41. Na3 Ke7 42. Bc8 a5 43. Ba6 Bf4 44. Nc4 Be3 45. Nxb6 Rxc2+ 0-1

[Event "LGA Premium Cup"]
[Site "schach.lga.de"]
[Date "2005.09.11"]
[Round "7.72"]
[White "Dreiseitel, Ursula"]
[Black "Junk, Philipp"]
[Result "1-0"]
[WhiteElo "1249"]
[BlackElo "1011"]
[PlyCount "111"]
[EventDate "2005.09.11"]
[SourceDate " "]

1. Nf3 d5 2. g3 c5 3. Bg2 e6 4. d3 g6 5. Nbd2 Bg7 6. O-O Ne7 7. e4 Nbc6 8. Re1
O-O 9. e5 Qc7 10. Qe2 Nf5 11. c3 b6 12. Nf1 Ba6 13. Bf4 Rad8 14. Rad1 c4 15. d4
b5 16. h4 b4 17. Rb1 Qa5 18. Ra1 bxc3 19. bxc3 Qxc3 20. Rac1 Qa5 21. Qd2 Qc7
22. Ne3 Nxe3 23. Bxe3 Rb8 24. Bf4 Nb4 25. Rc3 Nd3 26. Rd1 Rb7 27. Bf1 Rfb8 28.
Bxd3 cxd3 29. Rxc7 Rxc7 30. Ne1 Rc4 31. Qxd3 Ra4 32. Qc2 Rc4 33. Qd2 f6 34.
exf6 Bxf6 35. Bxb8 Rxd4 36. Qc2 Rc4 37. Qb1 Be7 38. Be5 Rb4 39. Qc1 Rc4 40. Nc2
Re4 41. Bc3 Rc4 42. Na3 Rc8 43. Rd2 Bb4 44. Rc2 Bc5 45. Be5 Bxa3 46. Rxc8+ Bxc8
47. Qxc8+ Kf7 48. Qd7+ Kf8 49. Qd8+ Kf7 50. f4 Be7 51. Qd7 d4 52. Bxd4 h6 53.
Qxa7 Kf8 54. a4 Bd8 55. Qa8 Ke7 56. Qb7+ 1-0

[Event "LGA Premium Cup"]
[Site "schach.lga.de"]
[Date "2005.09.11"]
[Round "7.73"]
[White "Hirschberg, Leander"]
[Black "Buck, Andreas"]
[Result "0-1"]
[WhiteElo "1114"]
[BlackElo "1094"]
[PlyCount "80"]
[EventDate "2005.09.11"]
[SourceDate " "]

1. e4 e6 2. d4 d5 3. Nc3 dxe4 4. Nxe4 Bd7 5. d5 exd5 6. Qxd5 Qe7 7. Be2 Bc6 8.
Bg5 Bxd5 9. Bxe7 Bxe7 10. Bd3 Nc6 11. Nc3 Bxg2 12. Nf3 Bxh1 13. Nd2 Nf6 14. Nb5
O-O 15. O-O-O Bd5 16. Nxc7 Rac8 17. Nb5 a6 18. Nc3 Bb4 19. Re1 Bxc3 20. bxc3
Rfe8 21. Rd1 Bxa2 22. Nf3 Rcd8 23. Kb2 Bd5 24. Rb1 Bxf3 25. Kc1 Re1+ 26. Kb2
Rxb1+ 27. Kxb1 Ng4 28. h4 Nxf2 29. Kb2 Nxd3+ 30. cxd3 Rxd3 31. Kc2 Be4 32. Kb2
f5 33. Kc2 f4 34. h5 f3 35. h6 gxh6 36. c4 f2 37. c5 f1=Q 38. Kb2 Qd1 39. Ka2
Qb3+ 40. Ka1 Rd1# 0-1

[Event "LGA Premium Cup"]
[Site "schach.lga.de"]
[Date "2005.09.11"]
[Round "7.74"]
[White "Schäfer, Ann-Kathrin"]
[Black "Stohl, Leonie"]
[Result "1/2-1/2"]
[WhiteElo "1115"]
[BlackElo "865"]
[PlyCount "33"]
[EventDate "2005.09.11"]
[SourceDate " "]

1. d4 Nf6 2. Nf3 d5 3. e3 Nc6 4. Bd3 e6 5. Nbd2 Bd6 6. O-O O-O 7. c3 Re8 8. Re1
e5 9. e4 dxe4 10. Nxe4 Nxe4 11. Bxe4 h6 12. Bc2 Qf6 13. Qd3 Kf8 14. Bd2 Bd7 15.
Re2 g5 16. Rae1 Re7 17. d5 1/2-1/2